<?xml version="1.0" encoding="UTF-8"?>
<record
    xmlns:xsi="http://www.w3.org/2001/XMLSchema-instance"
    xsi:schemaLocation="http://www.loc.gov/MARC21/slim http://www.loc.gov/standards/marcxml/schema/MARC21slim.xsd"
    xmlns="http://www.loc.gov/MARC21/slim">

  <leader>02814cam a2200337 i 4500</leader>
  <controlfield tag="001">768714001</controlfield>
  <controlfield tag="003">CO-MdFUSB</controlfield>
  <controlfield tag="005">20240827084456.0</controlfield>
  <controlfield tag="007">ta</controlfield>
  <controlfield tag="008">990205t1998    sp |          ||| ||spa  </controlfield>
  <datafield tag="020" ind1=" " ind2=" ">
    <subfield code="a">8427122071</subfield>
  </datafield>
  <datafield tag="040" ind1=" " ind2=" ">
    <subfield code="a">SpMaBN</subfield>
    <subfield code="b">spa</subfield>
    <subfield code="c">CO-MdFUSB</subfield>
    <subfield code="e">rdc</subfield>
    <subfield code="d">CO-MdFUSBC</subfield>
  </datafield>
  <datafield tag="041" ind1=" " ind2=" ">
    <subfield code="a">spa</subfield>
  </datafield>
  <datafield tag="082" ind1=" " ind2=" ">
    <subfield code="2">23</subfield>
    <subfield code="a">800</subfield>
    <subfield code="b">SA115</subfield>
  </datafield>
  <datafield tag="245" ind1="1" ind2=" ">
    <subfield code="a">Saberes y sabores : </subfield>
    <subfield code="b">homenaje a Luis Alonso Sch&#xF6;kel, S.J</subfield>
    <subfield code="c">/ editado por Guillermo Mart&#xED;n Rodr&#xED;guez </subfield>
  </datafield>
  <datafield tag="264" ind1=" " ind2="1">
    <subfield code="a">Bilbao, Espa&#xF1;a :</subfield>
    <subfield code="b">Mensajero,</subfield>
    <subfield code="c">[1998]</subfield>
  </datafield>
  <datafield tag="264" ind1=" " ind2="4">
    <subfield code="c">&#xA9; 1998</subfield>
  </datafield>
  <datafield tag="300" ind1=" " ind2=" ">
    <subfield code="a">270 p&#xE1;ginas</subfield>
    <subfield code="c">; 22 cm</subfield>
  </datafield>
  <datafield tag="336" ind1=" " ind2=" ">
    <subfield code="2">rdacontent</subfield>
    <subfield code="a">texto</subfield>
    <subfield code="b">txt</subfield>
  </datafield>
  <datafield tag="337" ind1=" " ind2=" ">
    <subfield code="2">rdamedia</subfield>
    <subfield code="a">sin mediaci&#xF3;n</subfield>
    <subfield code="b">n</subfield>
  </datafield>
  <datafield tag="338" ind1=" " ind2=" ">
    <subfield code="2">rdacarrier</subfield>
    <subfield code="a">volumen</subfield>
    <subfield code="b">nc</subfield>
  </datafield>
  <datafield tag="490" ind1="1" ind2=" ">
    <subfield code="a">Testimonios</subfield>
  </datafield>
  <datafield tag="505" ind1=" " ind2=" ">
    <subfield code="a">Fost mortem / Guillermo Martin Rodr&#xED;guez. -- El olivo y sus ra&#xED;ces / Luis Alonso Sch&#xF6;kel. -- Las huellas de Mois&#xE9;s. Lecci&#xF3;n clausural / Luis Alonso Sch&#xF6;kel. --  Entrevista / Guillermo Mart&#xED;n Rodr&#xED;guez. --Elogio del profesor doctor Luis Alonso Sch&#xF6;kel / Jos&#xE9; Ram&#xF3;n Busto. -- Recuerdos de un profesor de literatura b&#xED;blica / Luis Alonso Sch&#xF6;kel. -- La Biblia del Peregrino, operaci&#xF3;n cultural. Entrevista / Jos&#xE9; Mar&#xED;a Valverde y las traducciones b&#xED;blico-lit&#xFA;rgicas. In "memoriam" / Luis Alonso Sch&#xF6;kel. -- Veinticinco a&#xF1;os de traducciones lit&#xFA;rgicas / Luis Alonso Sch&#xF6;kel. --  El Diccionario B&#xED;blico Hebreo-Espa&#xF1;ol. Entrevista Guillermo Mart&#xED;n Rodr&#xED;guez. --  La Palabra inspirada (Luis Alonso Sch&#xF6;kel) La noble artesan&#xED;a del estilo. /Luis Alonso Sch&#xF6;kel. -- Testimonios El candor del Padre Brown Francisco P&#xE9;rez Guti&#xE9;rrez. --  Recuerdos de convivencia / Jos&#xE9; O'Callaghan, S.J. --  Creador de una escuela exeg&#xE9;tica y de traducci&#xF3;n. -- Carlo Maria Martini. --  Mis encuentros &#xAB;vitales&gt; con Luis Alonso Sch&#xF6;kel /Joaqu&#xED;n L. Ortega. -- Retrato a l&#xE1;piz sobre papel de acuarela / Jos&#xE9; Mar&#xED;a Cabodevilla. -- VI. Un personaje de la historia b&#xED;blica / Gonzalo Flor Serrano -- Como &#xAB;el perfume que baja por la barba de Aar&#xF3;n&gt; / Jos&#xE9; Luis SicreHomenaje. /Jos&#xE9; Mar&#xED;a Abrego. -- Escritor, escriturario, espejo / Eduardo Zurro Rodr&#xED;guez. -- Con mi maestro / Lorenzo Tous. -- Biblia y oraci&#xF3;n / Max Taggi, S. J.-- Testimonios de una amistad. / Vicente Collado Bertomeu y Pepe Rodilla Mart&#xED;nez. -- Espiritualidad / Angel Tejerina, S. J. -- Con el carisma del comunicador (Pasquale Borgomeo, S. J.).. In memoriam (Vicente Collado Bertomeu). -- Bibliograf&#xED;a. -- Mi biograf&#xED;a en forma de bibliograf&#xED;a (Luis Alonso Sch&#xF6;kel)........... Bibliograf&#xED;a completa (Eduardo Zurro).
</subfield>
  </datafield>
  <datafield tag="563" ind1=" " ind2=" ">
    <subfield code="a">R&#xFA;stico</subfield>
  </datafield>
  <datafield tag="650" ind1=" " ind2="7">
    <subfield code="a">Hermen&#xE9;utica b&#xED;blica</subfield>
    <subfield code="2">embne</subfield>
    <subfield code="9">7333</subfield>
  </datafield>
  <datafield tag="653" ind1=" " ind2=" ">
    <subfield code="a">Luis Alonso Sch&#xF6;kel, S.J.</subfield>
  </datafield>
  <datafield tag="700" ind1="1" ind2=" ">
    <subfield code="a">Mart&#xED;n Rodr&#xED;guez, Guillermo</subfield>
    <subfield code="d">1938-</subfield>
    <subfield code="e">editor</subfield>
  </datafield>
  <datafield tag="830" ind1=" " ind2="0">
    <subfield code="a">Testimonios (Ediciones Mensajero)</subfield>
  </datafield>
  <datafield tag="942" ind1=" " ind2=" ">
    <subfield code="c">BK</subfield>
  </datafield>
  <datafield tag="945" ind1=" " ind2=" ">
    <subfield code="a">JTF-925</subfield>
  </datafield>
  <datafield tag="952" ind1=" " ind2=" ">
    <subfield code="0">0</subfield>
    <subfield code="1">0</subfield>
    <subfield code="2">ddc</subfield>
    <subfield code="4">0</subfield>
    <subfield code="7">0</subfield>
    <subfield code="8">GEN</subfield>
    <subfield code="a">FUSBC</subfield>
    <subfield code="b">FUSBC</subfield>
    <subfield code="d">2023-03-10</subfield>
    <subfield code="l">0</subfield>
    <subfield code="o">G 800 SA115s</subfield>
    <subfield code="p">24308</subfield>
    <subfield code="r">2023-03-10 00:00:00</subfield>
    <subfield code="t">Ej. 1</subfield>
    <subfield code="w">2023-03-10</subfield>
    <subfield code="y">BK</subfield>
    <subfield code="k">68</subfield>
  </datafield>
  <datafield tag="999" ind1=" " ind2=" ">
    <subfield code="c">68569</subfield>
    <subfield code="d">68569</subfield>
  </datafield>
</record>
